00946nam a2200205 a 450000100100000000500170001000800410002704000250006808200210009324500620011426000840017630000180026050000730027850000620035150400550041365100620046865100640053065100600059471000860065400003853820250219170734.0110316s2012 dr r 000 0 spa d aDO-SdBNPbspacBNPHU a338.97293bP965e00aPropuesta de estrategia nacional de desarrollo 2010-2030. aSanto Domingo :bMinisterio de Economía, Planificación y Desarrollo,c2012. a2v. ;c29 cm. aIncluye referencias bibliográficas y notas al pie de las páginas aA la cabeza de la portada : Estudios y documentos de base aIncluye bibliografía al final de los capítulos 4aRepública DominicanaxPolítica Económicay2010-2030 4aRepública DominicanaxCondiciones Económicasy2010-2030 4aRepública DominicanaxCondiciones Socialesy2010-203012aRepública Dominicana. bMinisterio de Economía, Planificación y Desarrollo